Accountants acts 1967 (act 94) and rules & audit act 1957 (act 62) (as at 20th october 2001)

Bibliographic Details
Format: Book
Published: Kuala Lumpur : ILBS , 2001
Subjects:

MARC

LEADER 00000cam a2200000 7i4500
001 0000013661
005 20050629.0
020 |a 967891218X 
040 |a INS 
090 0 0 |a KF4604   |b 63A17 2001 
245 1 0 |a Accountants acts 1967 (act 94) and rules & audit act 1957 (act 62) (as at 20th october 2001) 
260 |a Kuala Lumpur :   |b ILBS ,   |c 2001 
300 |a 1 :   |b 68p ;   |c 24cm. 
650 0 0 |a Accountants   |x Legal status, laws,etc   |y Malaysia 
650 0 0 |a Accountants   |x Malaysia 
999 |a 0000010282   |b BOOK   |c Open Shelf   |e Default branch